000 00547cam a2200145 4500500
005 20260405000858.0
041 _afre
042 _adc
100 1 0 _aRivet de Sabatier, Philippe
_eauthor
245 0 0 _aCurrent issues in social debt. Nicolas Dufourcq, La dette sociale de la France, 1974-2024, Odile Jacob, 2025, 544 pages, €28.90.
260 _c2026.
500 _a5
786 0 _nÉtudes | 4335 | 3 | 2026-02-25 | p. 115-116 | 0014-1941
856 4 1 _uhttps://shs.cairn.info/journal-etudes-2026-3-page-115?lang=en&redirect-ssocas=7080
999 _c2041734
_d2041734